01394na a2200313 450000100060000000300080000600500170001400800410003102000150007203500100008704000250009704100130012208200370013511000450017222200440021724502200026124600270048124600570050826000600056530000290062549000440065450000820069850500510078054600570083165000520088865000330094065000430097365100640101615092MIRAKIL20181213155110.0160919b tu 000 0  a9751925118 a15092 aMilasbturcTR-AnCHP aturaeng a324.9561 1999 İLLERbT95m 2000 aTürkiye İstatistik Kurumu (TÜİK) aMilletvekili genel seçim sonuçları aMilletvekili genel seçimi sonuçları (yeni idari bölünüşe göre)b18.04.1999 = Results of general elections of representatives (by new administrative division)cDevlet İstatistik Enstitüsü (DİE) a1999 genel seçimleri a1999 Results of general elections of representatives aAnkarabDevlet İstatistik Enstitüsü (DİE)c2000 axi, 247 s.btbl.c30 sm. aDevlet İstatistik Enstitüsüv2393 aBu kitapların elektronik versiyonlarına TUİK sayfasından erişilebilir. a14 Bolu - 41 Kocaeli - 54 Sakarya - 81 Düzce aMetinler Türkçe-İngilizce karşılıklıdır. aSeçimlerdİlleryİstatistiklerzTürkiye aTBMMx20. Dönemy1999-2002 aSiyasal partilerx1999-2002zTürkiye aTürkiyexGenel seçimler, 1999yİstatistiklerzİller